[Event "Lugano New op 5th"]
[Site "Lugano"]
[Date "2011.04.23"]
[Round "2"]
[White "Sedina, Elena"]
[Black "Kudryavtsev, Eugene"]
[Result "1-0"]
[WhiteElo "2339"]
[BlackElo "2126"]
[PlyCount "71"]
[EventDate "2011.04.22"]
[EventType "swiss"]
[EventRounds "6"]
[EventCountry "SUI"]
[SourceTitle "CBM 142 Extra"]
[Source "ChessBase"]
[SourceDate "2011.06.27"]
[SourceVersion "1"]
[SourceVersionDate "2011.06.27"]
[SourceQuality "1"]

1. e4 c5 2. Nf3 d6 3. Bb5+ Nd7 4. d4 cxd4 5. Qxd4 a6 6. Bxd7+ Bxd7 7. c4 Nf6 8. Nc3 e6 9. 0-0 Be7 10. Bg5 0-0 11. Bxf6 gxf6 12. a4 Qc7 13. Rad1 Bd8 14. b3 Qc5 15. Qd3 Qh5 16. Nd4 Rc8 17. f4 Kh8 18. f5 Be7 19. Nce2 Rg8 20. Nf4 Qg4 21. h3 Qg5 22. Rd2 e5 23. Nd5 Bf8 24. Nf3 Qh6 25. Nh2 Qh4 26. Ng4 Bg7 27. Ne7 h5 28. Nxg8 Rxg8 29. Nh2 Bh6 30. Re2 Bc6 31. Nf3 Qxh3 32. Nxe5 Rg3 33. Rf3 fxe5 34. Rxg3 Qh4 35. Rh3 Qg5 36. Qf3 1-0

[Event "Biel Hanowa Generations"]
[Site "Biel"]
[Date "2009.07.24"]
[Round "5"]
[White "Kudryavtsev, Eugene"]
[Black "Kelecevic, Nedeljko"]
[Result "1/2-1/2"]
[WhiteElo "2073"]
[BlackElo "2320"]
[PlyCount "31"]
[EventDate "2009.07.20"]
[EventType "schev"]
[EventRounds "10"]
[EventCountry "SUI"]
[SourceTitle "CBM 131 Extra"]
[Source "ChessBase"]
[SourceDate "2009.09.03"]
[SourceVersion "2"]
[SourceVersionDate "2009.09.16"]
[SourceQuality "1"]

1. e4 c5 2. Nf3 Nc6 3. d4 cxd4 4. Nxd4 Qc7 5. Nc3 e6 6. Be3 a6 7. Bd3 Nxd4 8. Bxd4 Ne7 9. 0-0 Nc6 10. Be3 b5 11. f4 Na5 12. Kh1 Bb7 13. Bd4 Nc6 14. Be3 Na5 15. Bd4 Nc6 16. Be3 1/2-1/2

[Event "Biel Hanowa Generations"]
[Site "Biel"]
[Date "2009.07.22"]
[Round "3"]
[White "Kudryavtsev, Eugene"]
[Black "Bhend, Edwin"]
[Result "1/2-1/2"]
[WhiteElo "2073"]
[BlackElo "2205"]
[PlyCount "56"]
[EventDate "2009.07.20"]
[EventType "schev"]
[EventRounds "10"]
[EventCountry "SUI"]
[SourceTitle "CBM 131 Extra"]
[Source "ChessBase"]
[SourceDate "2009.09.03"]
[SourceVersion "2"]
[SourceVersionDate "2009.09.16"]
[SourceQuality "1"]

1. e4 c5 2. Nf3 Nc6 3. Bb5 d6 4. h3 Bd7 5. c3 Nf6 6. Qe2 e5 7. 0-0 Be7 8. Rd1 0-0 9. d3 h6 10. Nbd2 Ne8 11. d4 cxd4 12. cxd4 exd4 13. Nb3 Bf6 14. Bxc6 bxc6 15. Nbxd4 Qb6 16. Rb1 c5 17. Nf5 Bxf5 18. exf5 Nc7 19. Nh2 Rfe8 20. Qf3 Nb5 21. Ng4 Qd8 22. Be3 Nd4 23. Nxf6+ Qxf6 24. Bxd4 cxd4 25. Qd5 Rac8 26. Rd2 Rc5 27. Qxd4 Qxf5 28. Rbd1 Re6 1/2-1/2

[Event "Lugano New op 3rd"]
[Site "Lugano"]
[Date "2009.05.02"]
[Round "4"]
[White "Budakovic, Dragan"]
[Black "Kudryavtsev, Eugene"]
[Result "0-1"]
[WhiteElo "1892"]
[BlackElo "2077"]
[PlyCount "147"]
[EventDate "2009.04.30"]
[EventType "swiss"]
[EventRounds "6"]
[EventCountry "SUI"]
[SourceTitle "EXT 2011"]
[Source "ChessBase"]
[SourceDate "2010.11.26"]
[SourceVersion "1"]
[SourceVersionDate "2010.11.26"]
[SourceQuality "1"]

1. e4 c5 2. Nf3 d6 3. c3 Nf6 4. Qc2 Qc7 5. Be2 g6 6. 0-0 Bg7 7. Na3 a6 8. d3 0-0 9. Bf4 e5 10. Bg5 Nbd7 11. Nc4 b5 12. Ne3 Bb7 13. b3 d5 14. exd5 Nxd5 15. Nxd5 Bxd5 16. Nd2 h6 17. Be3 Rac8 18. Rac1 Qc6 19. f3 Be6 20. a3 f5 21. c4 Qb7 22. Bf2 Rfe8 23. Rfe1 Bf8 24. Bf1 Bd6 25. Be3 Kh7 26. Bf2 Nf6 27. Rb1 Qb8 28. g3 Bd7 29. a4 b4 30. Qb2 Kg7 31. Rbd1 Bc6 32. Qc2 Qb7 33. Bg2 Ng4 34. Re2 Nxf2 35. Kxf2 Re6 36. Bh3 Rce8 37. Rde1 Bc7 38. Bg2 Bd8 39. Qb2 Bf6 40. Qc2 Kf7 41. Nf1 e4 42. dxe4 fxe4 43. fxe4 Bd4+ 44. Ne3 Bxe4 45. Bxe4 Rxe4 46. Qd3 Qe7 47. Qd2 Bc3 48. Qd3 Bxe1+ 49. Rxe1 Qf6+ 50. Kg2 Qb2+ 51. Kf3 Qf6+ 52. Kg2 Qd4 53. Rf1+ Kg7 54. Qxd4+ Rxd4 55. Nd5 Rd3 56. Rf3 Re2+ 57. Rf2 Rxf2+ 58. Kxf2 Rxb3 59. Nc7 Rc3 60. Ne6+ Kf6 61. Nxc5 Rxc4 62. Nd3 Rc3 63. Ke2 Rxd3 64. Kxd3 a5 65. Ke4 Ke6 66. h3 g5 67. g4 Kf6 68. Kd4 Ke6 69. Ke4 h5 70. Kd4 Kd6 71. Ke4 hxg4 72. hxg4 Kc5 73. Kd3 Kd5 74. Ke3 0-1

[Event "Lugano New op 3rd"]
[Site "Lugano"]
[Date "2009.05.01"]
[Round "3"]
[White "Kudryavtsev, Eugene"]
[Black "Patuzzo, Fabrizio"]
[Result "0-1"]
[WhiteElo "2077"]
[BlackElo "2304"]
[PlyCount "110"]
[EventDate "2009.04.30"]
[EventType "swiss"]
[EventRounds "6"]
[EventCountry "SUI"]
[SourceTitle "EXT 2011"]
[Source "ChessBase"]
[SourceDate "2010.11.26"]
[SourceVersion "1"]
[SourceVersionDate "2010.11.26"]
[SourceQuality "1"]

1. d4 d5 2. c4 c6 3. Nf3 Nf6 4. Nc3 a6 5. c5 Bf5 6. Bf4 Nbd7 7. e3 e6 8. Be2 Be7 9. 0-0 Ne4 10. Nd2 Nxd2 11. Qxd2 e5 12. Bg3 0-0 13. Na4 Bf6 14. Rad1 Re8 15. dxe5 Nxe5 16. Nb6 Ra7 17. Qb4 Nd7 18. Nxd7 Qxd7 19. Bd3 Bxd3 20. Rxd3 a5 21. Qd2 a4 22. Rc1 Qf5 23. Ra3 h5 24. Qb4 h4 25. Bc7 h3 26. gxh3 Qxh3 27. Bg3 Rea8 28. Rc2 Qf5 29. Qd2 Qe4 30. Qd3 Qe6 31. Kg2 g6 32. Re2 Ra5 33. Rc2 Kg7 34. f3 Re8 35. Be1 Raa8 36. Re2 Rh8 37. Kg1 Rh3 38. Bg3 Kh7 39. Qc2 Be5 40. f4 Bf6 41. b3 Qg4 42. bxa4 Bh4 43. Rg2 Bxg3 44. hxg3 Rxg3 45. Rxg3 Qxg3+ 46. Qg2 Qe1+ 47. Qf1 Qb4 48. Qc1 Rxa4 49. Rxa4 Qxa4 50. Qb1 Qa7 51. Qc2 Qa3 52. Kf2 Qb4 53. Ke2 Kg7 54. Qc1 f6 55. Qc2 Qc4+ 0-1

[Event "Zuerich op-A 31th"]
[Site "Zuerich"]
[Date "2007.12.28"]
[Round "4"]
[White "Mueller, Leonhard"]
[Black "Kudryavtsev, Eugene"]
[Result "1-0"]
[WhiteElo "2173"]
[BlackElo "2003"]
[PlyCount "99"]
[EventDate "2007.12.26"]
[EventType "swiss"]
[EventRounds "7"]
[EventCountry "SUI"]
[SourceTitle "CBM 122 Extra"]
[Source "ChessBase"]
[SourceDate "2008.03.04"]
[SourceVersion "1"]
[SourceVersionDate "2008.03.04"]
[SourceQuality "1"]

1. d4 Nf6 2. c4 g6 3. Nc3 Bg7 4. e4 d6 5. Nf3 0-0 6. Be2 e5 7. 0-0 Nc6 8. d5 Ne7 9. Nd2 a5 10. Rb1 Nd7 11. a3 f5 12. b4 Nf6 13. f3 axb4 14. axb4 f4 15. c5 g5 16. Nc4 h5 17. cxd6 cxd6 18. Nb5 Ra6 19. Bd2 Ne8 20. Be1 Bd7 21. Nc3 Kh8 22. Bf2 b5 23. Na5 Nc7 24. Rc1 Qe8 25. Na4 Na8 26. Nc3 Nc7 27. Na4 Na8 28. Nc3 Rg8 29. Kh1 Bf6 30. Nc6 Nxc6 31. dxc6 Rxc6 32. Nd5 Rxc1 33. Qxc1 Qg6 34. Ba7 g4 35. Rg1 g3 36. h3 Bd8 37. Bf1 Qg7 38. Qa1 Kh7 39. Qa2 Be6 40. Bxb5 Nc7 41. Bc4 Nxd5 42. Bxd5 Bxd5 43. exd5 Qb7 44. Re1 e4 45. Bd4 exf3 46. Qc2+ Kh6 47. Qf5 fxg2+ 48. Kxg2 f3+ 49. Kxf3 Qh7 50. Re6+ 1-0

[Event "Zuerich op-A 31th"]
[Site "Zuerich"]
[Date "2007.12.27"]
[Round "3"]
[White "Kudryavtsev, Eugene"]
[Black "Wyss, Thomas"]
[Result "0-1"]
[WhiteElo "2003"]
[BlackElo "2266"]
[PlyCount "72"]
[EventDate "2007.12.26"]
[EventType "swiss"]
[EventRounds "7"]
[EventCountry "SUI"]
[SourceTitle "CBM 122 Extra"]
[Source "ChessBase"]
[SourceDate "2008.03.04"]
[SourceVersion "1"]
[SourceVersionDate "2008.03.04"]
[SourceQuality "1"]

1. e4 c5 2. Nf3 e6 3. d4 cxd4 4. Nxd4 Nc6 5. Nc3 Qc7 6. Be2 a6 7. 0-0 Nf6 8. Kh1 Bc5 9. Nb3 Be7 10. f4 d6 11. Be3 b5 12. a3 Bb7 13. Bf3 0-0 14. Qe1 b4 15. axb4 Nxb4 16. Qf2 d5 17. e5 Ne4 18. Bxe4 dxe4 19. Bb6 Qb8 20. Na5 Rc8 21. f5 exf5 22. Qxf5 Rf8 23. e6 f6 24. Rad1 Bc8 25. Bc5 Bxc5 26. Qxc5 Bxe6 27. Nxe4 Qb5 28. c3 Nd5 29. Rfe1 Bf7 30. Qa3 Nf4 31. Qd6 Nxg2 32. Rg1 Bg6 33. Qe6+ Kh8 34. Rd5 Qe2 35. Nc5 Qf3 36. Rxg2 Rae8 0-1